[Event "POL-chT U20 2nd League"]
[Site "Sypniewo"]
[Date "2025.06.21"]
[Round "4.37"]
[White "Bochenek, Piotr"]
[Black "Rzadkowska, Kaja"]
[Result "1-0"]
[WhiteElo "1919"]
[BlackElo "1906"]
[PlyCount "91"]
[EventDate "2025.06.18"]
[EventType "team-swiss"]
[EventRounds "9"]
[EventCountry "POL"]
[SourceTitle "CB27_2025"]
[SourceDate "2025.07.02"]
[SourceVersion "1"]
[SourceVersionDate "2025.07.02"]
[SourceQuality "1"]
[WhiteTeam "Tarnowskie Gory Mat"]
[BlackTeam "Wroclaw Polonia II"]
[WhiteTeamCountry "POL"]
[BlackTeamCountry "POL"]

1. d4 Nf6 2. c4 e6 3. g3 Bb4+ 4. Bd2 Qe7 5. Bg2 Nc6 6. a3 Bxd2+ 7. Qxd2 d6 8. Nf3 a5 9. Qc2 0-0 10. 0-0 e5 11. e3 Bg4 12. dxe5 dxe5 13. Nc3 Rad8 14. Nd5 Nxd5 15. cxd5 Nb8 16. Qa4 Bxf3 17. Bxf3 Na6 18. Qxa5 e4 19. Bg2 Qe5 20. Qb5 Rxd5 21. Qxb7 Nc5 22. Qb4 Rfd8 23. Qc4 Qxb2 24. Bxe4 Nxe4 25. Qxe4 Rd2 26. Qf4 Qb6 27. Rfc1 c5 28. a4 g6 29. a5 Qa6 30. h4 c4 31. Rxc4 Rd1+ 32. Rxd1 Rxd1+ 33. Kh2 Qxa5 34. Rc7 Qd5 35. e4 Qe6 36. h5 gxh5 37. Rc5 h6 38. Qb8+ Kg7 39. Qb2+ Qf6 40. Qe2 Rb1 41. Rf5 Rb2 42. Qf3 Qe6 43. Qc3+ Kg8 44. Qxb2 Qxe4 45. Qb8+ Kg7 46. Qe5+ 1-0

[Event "POL-chT U20 2nd League"]
[Site "Sypniewo"]
[Date "2025.06.20"]
[Round "3.7"]
[White "Stachowiak, Bruno"]
[Black "Bochenek, Piotr"]
[Result "1-0"]
[WhiteElo "2034"]
[BlackElo "1919"]
[PlyCount "93"]
[EventDate "2025.06.18"]
[EventType "team-swiss"]
[EventRounds "9"]
[EventCountry "POL"]
[SourceTitle "CB27_2025"]
[SourceDate "2025.07.02"]
[SourceVersion "1"]
[SourceVersionDate "2025.07.02"]
[SourceQuality "1"]
[WhiteTeam "Poznan Politechnika"]
[BlackTeam "Tarnowskie Gory Mat"]
[WhiteTeamCountry "POL"]
[BlackTeamCountry "POL"]

1. Nf3 d5 2. g3 Nf6 3. Bg2 e6 4. 0-0 Bd6 5. d4 h6 6. c4 0-0 7. Qc2 Nc6 8. c5 Be7 9. a3 a5 10. Nc3 b6 11. cxb6 cxb6 12. Rd1 Bd7 13. Bf4 Rc8 14. Qb1 Nh5 15. Ne5 Nxe5 16. dxe5 Nxf4 17. gxf4 Bc5 18. e3 b5 19. Qd3 Qb6 20. Ne2 b4 21. a4 Rc7 22. Kh1 Bc8 23. Ng3 Ba6 24. Qd2 b3 25. Rg1 f5 26. exf6 Rxf6 27. f5 Qb4 28. Qd1 exf5 29. Rc1 Rd7 30. Qh5 Bc8 31. Nxf5 Kh7 32. Nd4 g6 33. Qe5 Bxd4 34. exd4 Rf8 35. Bh3 Re7 36. Rc7 Rff7 37. Rxe7 Rxe7 38. Qf6 Bg4 39. Bxg4 Re1 40. Qf7+ Kh8 41. Qxd5 Rxg1+ 42. Kxg1 Qxa4 43. Qd8+ Kg7 44. Qe7+ Kh8 45. Qf8+ Kh7 46. Qf7+ Kh8 47. Be6 1-0

[Event "Ceske Budejovice op"]
[Site "Ceske Budejovice"]
[Date "2024.07.03"]
[Round "5"]
[White "Policar, Martin"]
[Black "Bochenek, Piotr"]
[Result "1/2-1/2"]
[WhiteElo "1925"]
[BlackElo "1796"]
[PlyCount "92"]
[EventDate "2024.06.29"]
[EventType "swiss"]
[EventRounds "9"]
[EventCountry "CZE"]
[SourceTitle "CBM 221 Extra"]
[Source "ChessBase"]
[SourceDate "2024.09.30"]
[SourceVersion "1"]
[SourceVersionDate "2024.09.30"]
[SourceQuality "1"]

1. e4 c5 2. Nf3 Nc6 3. d4 cxd4 4. Nxd4 g6 5. c4 Bg7 6. Be3 Nf6 7. Nc3 0-0 8. Be2 b6 9. 0-0 Bb7 10. f4 d6 11. Bf3 e5 12. Ndb5 Ne8 13. Nd5 exf4 14. Bxf4 Bxb2 15. Bh6 Bg7 16. Bxg7 Kxg7 17. Rb1 Ne5 18. Qd4 Ba6 19. Ndc3 Rc8 20. Nxa7 Rxc4 21. Qxb6 Nc7 22. Nd5 Nxd5 23. Qxa6 Ne3 24. Rf2 Qg5 25. Be2 Rc2 26. Qxd6 Ra8 27. Qd4 Kh6 28. Qb4 Kg7 29. Qb6 Rd8 30. h4 Qg3 31. Qf6+ Kh6 32. Qxd8 Nf3+ 33. Bxf3 Qxf2+ 34. Kh1 Kg7 35. e5 Ng4 36. e6 Nf6 37. Qd6 Ng4 38. Qd8 Nf6 39. Qd6 Ng4 40. Qe7 Rc7 41. Qg5 Qxa2 42. Rf1 Qc4 43. Qb5 Nf2+ 44. Kg1 Qd4 45. Qe2 Nd1+ 46. Kh1 Qxh4+ 1/2-1/2

[Event "Ceske Budejovice op"]
[Site "Ceske Budejovice"]
[Date "2024.07.02"]
[Round "4"]
[White "Bochenek, Piotr"]
[Black "Fuciman, Ondrej"]
[Result "0-1"]
[WhiteElo "1796"]
[BlackElo "1937"]
[PlyCount "70"]
[EventDate "2024.06.29"]
[EventType "swiss"]
[EventRounds "9"]
[EventCountry "CZE"]
[SourceTitle "CBM 221 Extra"]
[Source "ChessBase"]
[SourceDate "2024.09.30"]
[SourceVersion "1"]
[SourceVersionDate "2024.09.30"]
[SourceQuality "1"]

1. d4 f5 2. g3 g6 3. Bg2 Bg7 4. Nh3 Nf6 5. Nf4 0-0 6. h4 Qe8 7. h5 c6 8. hxg6 hxg6 9. c4 d6 10. d5 a5 11. Nc3 Na6 12. Be3 Ng4 13. Bd4 Ne5 14. Rc1 Nc7 15. Kf1 c5 16. Bxe5 Bxe5 17. Qd2 Kg7 18. Ne6+ Bxe6 19. dxe6 Rh8 20. f4 Bf6 21. Kf2 Rxh1 22. Rxh1 Rb8 23. Nd5 Nxd5 24. Bxd5 Qa4 25. b3 Qb4 26. Qc2 b5 27. g4 bxc4 28. Qxc4 Qd2 29. gxf5 Rb4 30. Qd3 Qxf4+ 31. Bf3 Bh4+ 32. Kf1 Rd4 33. Qc3 Kg8 34. Rh3 Rd1+ 35. Kg2 Qg5+ 0-1

[Event "Ceske Budejovice op"]
[Site "Ceske Budejovice"]
[Date "2024.07.01"]
[Round "3"]
[White "Yang, Sung Jui"]
[Black "Bochenek, Piotr"]
[Result "0-1"]
[WhiteElo "1879"]
[BlackElo "1796"]
[PlyCount "94"]
[EventDate "2024.06.29"]
[EventType "swiss"]
[EventRounds "9"]
[EventCountry "CZE"]
[SourceTitle "CBM 221 Extra"]
[Source "ChessBase"]
[SourceDate "2024.09.30"]
[SourceVersion "1"]
[SourceVersionDate "2024.09.30"]
[SourceQuality "1"]

1. d4 d5 2. Nf3 e6 3. c4 h6 4. Nc3 Nf6 5. g3 Bd6 6. Bg2 Nc6 7. 0-0 0-0 8. Re1 dxc4 9. e4 e5 10. d5 Na5 11. h3 Bd7 12. Be3 b5 13. Nd2 Qc8 14. Kh2 Nb7 15. a4 a6 16. f4 c6 17. Nf3 exf4 18. gxf4 Nh5 19. e5 Bc5 20. Nd4 Bxd4 21. Qxd4 g6 22. Qb6 Nd8 23. Rad1 Rb8 24. Qd4 Ng7 25. Qd2 Nf5 26. Bf2 cxd5 27. Nxd5 Bc6 28. Nf6+ Kg7 29. Bxc6 Qxc6 30. Nd7 Ne6 31. Nxf8 Kxf8 32. Qd5 Qxd5 33. Rxd5 Nxf4 34. Rd7 bxa4 35. Bd4 Ke8 36. Rd1 Kxd7 37. Ba7+ Kc8 38. Bxb8 Kxb8 39. Rc1 Ne3 40. Rc3 Nd3 41. Ra3 Kb7 42. Rxa4 Nxe5 43. Kg3 Nf5+ 44. Kf4 Nd3+ 45. Kf3 Kb6 46. Ke2 Kb5 47. Ra3 Nxb2 0-1

[Event "Zalakaros op 43rd"]
[Site "Zalakaros"]
[Date "2024.05.25"]
[Round "1"]
[White "Nagy, Kristof"]
[Black "Bochenek, Piotr"]
[Result "1/2-1/2"]
[WhiteElo "2204"]
[BlackElo "1864"]
[PlyCount "108"]
[EventDate "2024.05.25"]
[EventType "swiss"]
[EventRounds "9"]
[EventCountry "HUN"]
[SourceTitle "CBM 220 Extra"]
[Source "ChessBase"]
[SourceDate "2024.07.31"]
[SourceVersion "1"]
[SourceVersionDate "2024.07.31"]
[SourceQuality "1"]

1. d4 d5 2. Nf3 e6 3. Bf4 Bd6 4. Bg3 Nf6 5. e3 Bxg3 6. hxg3 Nbd7 7. Bd3 c5 8. c3 0-0 9. Nbd2 Qc7 10. g4 e5 11. g5 e4 12. gxf6 Nxf6 13. Ng5 exd3 14. Nxh7 Nxh7 15. Qh5 f6 16. Qxh7+ Kf7 17. Qxd3 c4 18. Qe2 Bf5 19. Qh5+ Ke6 20. e4 Bxe4 21. Nxe4 dxe4 22. Qe2 Rfe8 23. 0-0-0 Qf4+ 24. Kb1 Rac8 25. Rde1 Kd6 26. a3 b5 27. Rh5 g5 28. Ka2 a5 29. Rh7 Qf5 30. Ra7 Kc6 31. d5+ Qxd5 32. Rd1 Qc5 33. Rdd7 Kb6 34. Qd1 Red8 35. Rxd8 Kxa7 36. Rxc8 Qxc8 37. Qd4+ Kb7 38. Qxf6 Qg4 39. Qe7+ Kb6 40. Qd8+ Ka6 41. Qd6+ Kb7 42. g3 Qf5 43. Qd4 a4 44. Qd2 Kc6 45. Qd4 Kb7 46. Ka1 Kc6 47. Qa7 Qd5 48. Qa8+ Kd6 49. Qd8+ Ke6 50. Qg8+ Kd6 51. Qf8+ Ke6 52. Qg8+ Kd6 53. Qd8+ Ke6 54. Qg8+ Ke5 1/2-1/2

[Event "Bohumin op-B 6th"]
[Site "Bohumin"]
[Date "2023.07.05"]
[Round "5"]
[White "Bochenek, Piotr"]
[Black "Petrov, Nikolaj"]
[Result "0-1"]
[WhiteElo "1379"]
[BlackElo "1608"]
[PlyCount "80"]
[EventDate "2023.07.01"]
[EventType "swiss"]
[EventRounds "9"]
[EventCountry "CZE"]
[SourceTitle "EXT 2024"]
[Source "ChessBase"]
[SourceDate "2023.10.10"]
[SourceVersion "1"]
[SourceVersionDate "2023.10.10"]
[SourceQuality "1"]

1. d4 Nf6 2. c4 d5 3. cxd5 Nxd5 4. e4 Nb6 5. Nc3 g6 6. g3 Bg7 7. Be3 0-0 8. Bg2 Nc4 9. Qb3 Nxe3 10. fxe3 Nd7 11. Nge2 c6 12. 0-0 Rb8 13. e5 e6 14. Ne4 Nb6 15. Nf6+ Kh8 16. Nc3 Nd5 17. Bxd5 exd5 18. h4 h5 19. Ne2 Bf5 20. Rxf5 gxf5 21. Nxh5 f6 22. e6 Bh6 23. Nef4 Rg8 24. Kh2 Bxf4 25. Nxf4 Qe7 26. Qc2 Qh7 27. Rh1 Rg4 28. Qg2 Rbg8 29. Qh3 Qe7 30. a3 Qd6 31. h5 c5 32. Ng6+ Kg7 33. e7 Qd7 34. Rf1 Rxg6 35. Rxf5 Rh8 36. Rxd5 Qxd5 37. e8Q Rxe8 38. hxg6 Kxg6 39. Qg4+ Qg5 40. Qd7 Rxe3 0-1

[Event "Jastrzebie Zdroj op"]
[Site "Jastrzebie Zdroj"]
[Date "2022.11.26"]
[Round "9"]
[White "Dubiel, Antoni"]
[Black "Bochenek, Piotr"]
[Result "0-1"]
[WhiteElo "1016"]
[BlackElo "1246"]
[PlyCount "70"]
[EventDate "2022.11.19"]
[EventType "swiss"]
[EventRounds "9"]
[EventCountry "POL"]
[SourceTitle "CBM 211 Extra"]
[Source "ChessBase"]
[SourceDate "2023.01.31"]
[SourceVersion "1"]
[SourceVersionDate "2023.01.31"]
[SourceQuality "1"]

1. e4 c5 2. Nf3 Nc6 3. d4 cxd4 4. Nxd4 g6 5. c4 Nf6 6. Nc3 d6 7. Be3 Ng4 8. Bc1 Bg7 9. Nxc6 bxc6 10. Be2 Nf6 11. Be3 Be6 12. Qd2 Ng4 13. Bxg4 Bxg4 14. Bh6 0-0 15. Bxg7 Kxg7 16. 0-0 Be6 17. b3 Qa5 18. Rac1 Qe5 19. f4 Qc5+ 20. Qf2 Qxf2+ 21. Rxf2 f5 22. e5 dxe5 23. fxe5 Rfd8 24. Rd1 Rxd1+ 25. Nxd1 Rd8 26. Nb2 Rd4 27. Na4 Re4 28. Nc5 Rxe5 29. Nxe6+ Rxe6 30. Kf1 Kf6 31. g4 Re4 32. h3 e6 33. gxf5 gxf5 34. Re2 Rxe2 35. Kxe2 e5 0-1